| 000 | 01319nam0a22003251 4500 | ||
|---|---|---|---|
| 001 | rc\3670750 | ||
| 005 | 20260407024845.0 | ||
| 021 |
_aRU _b[73-92603] |
||
| 035 | _a(NLR Aleph) 007841669 | ||
| 090 |
_a9808998 _c9808998 |
||
| 100 | _a20130115d1973 |||y0rusy50 ca | ||
| 101 | 0 | _arus | |
| 102 | _aRU | ||
| 105 | _aa z ||||| | ||
| 200 | 1 |
_aКомплексные экспериментальные исследования ландшафтов Белоруссии _fПод ред. акад. Н.В. Смольского _gАН БССР. Центр. ботан. сад |
|
| 210 |
_aМинск _cНаука и техника _d1973 |
||
| 215 |
_a311 с. _cчерт. _d22 |
||
| 300 | _aВ огл. авт.: В.Н. Киселев, А.В. Бойко, М.В. Фадеева и др. | ||
| 320 | _aСписок лит.: с. 301-308 | ||
| 606 |
_aГеографические ландшафты _yБССР _2psbo |
||
| 701 | 1 |
_aКиселев _bВ.Н. |
|
| 701 | 1 |
_aФадеева _bМ.В. |
|
| 701 | 1 |
_aБойко _bА.В. |
|
| 702 | 1 |
_aСмольский _bН.В. _gНиколай Владиславович _4340 |
|
| 712 | 0 | 2 |
_aБотанический сад _cМинск _3RU\NLR\AUTH\8810010534 _9518729 |
| 801 | 0 |
_aRU _bNLR _gpsbo |
|
| 801 | 1 |
_aRU _bELAR _2rusmarc |
|
| 852 |
_aNLR _j73-5/5311 |
||
| 942 | _cBOOK | ||
| 980 | _aNB | ||